Statistics for Countries with the Fastest Milers

Click here to take the quiz!

General Stats

  • This quiz has been taken 273 times
    (22 since last reset)
  • The average score is 16 of 21

Answer Stats

HintAnswer% Correct
1France
100%
9United Kingdom
100%
9United States
100%
5Australia
95%
3Germany
95%
1Russia
95%
26Kenya
86%
3New Zealand
86%
3Norway
86%
5Spain
86%
5Ethiopia
81%
1Netherlands
76%
3Morocco
71%
3Algeria
67%
2Ireland
67%
1Poland
67%
1Portugal
67%
1Somalia
43%
1Qatar
38%
1Djibouti
33%
1Burundi
29%

Score Distribution

Percentile by Number Answered

Percent of People with Each Score

Your Score History

You have not taken this quiz since the last reset